MARC детайли
| 000 -Лидер |
| Контролно поле с фиксирана дължина |
nkm a22 a 4500 |
| 003 - Код на организацията, давaща контролен номер |
| Контролно поле |
BLK |
| 005 - Дата и час на последна редакция |
| Контролно поле |
20221028171752.0 |
| 008 - Елементи от данни с фиксирана дължина |
| fixed length control field |
180412b bul rap|r|||| r0| ||bulo| |
| 010 ## - Наследен системен номер |
| LC control number |
KNG00106070000 |
| 020 ## - Международен стандартен номер на книга ISBN |
| Международен стандартен номер на книга ISBN |
954-607-525-6 |
| 040 ## - Източник на каталожния запис |
| Идентификатор на билиотеката - собственик на записа |
BLK |
| 041 ## - Код за език |
| Код за езика на текст/звукозапис или на отделно заглавие |
Български |
| Код за езика КДБФ |
Български |
| Други езици |
Английски |
| 080 ## - УДК |
| Текстов определител УДК |
Художествено изработени тъкани, гоблени, килими и покривки |
| УДК код - определител по УДК |
745.522 |
| УДК определител |
(497.2)(091)(084) |
| УДК - код + определител |
745.522(497.2)(091)(084) |
| 080 ## - УДК |
| Текстов определител УДК |
Художествено изработени тъкани, гоблени, килими и покривки |
| УДК код - определител по УДК |
745.522 |
| УДК определител |
.071.1(497.2)(092) |
| УДК - код + определител |
745.522.071.1(497.2)(092) |
| 080 ## - УДК |
| Текстов определител УДК |
Биографии |
| УДК код - определител по УДК |
929 |
| УДК определител |
(497.2) |
| УДК - код + определител |
929(497.2) |
| 139 ## - Редно поле |
| Редна дума |
Изкуството на текстила в България |
| Авторски знак |
Изк - И 41 |
| 245 10 - Сведения за заглавието |
| Заглавие |
Изкуството на текстила в България |
| Редно поле (дума) |
състав. Дима Недялкова-Каприева; състав. Лилия Радичкова-Дочева; състав. Цвета Явашева-Иванова. |
| 246 11 - Различни форми на заглавието |
| Паралелно заглавие |
The Textile Art in Bulgaria |
| 257 ## - Страна на издаване |
| Страна на създаване/издаване |
България |
| 260 ## - Област на издателските данни |
| Място на издаване, разпространение и проч. |
София |
| Име на издателя, разпространителя и проч. |
ЛИК |
| Година на издаване |
2002 |
| Печатница |
София : Унив. изд. Св. Кл. Охридски |
| 300 ## - Физическа характеристика |
| Страници |
197 с. |
| Илюстрации и др. |
с ил. |
| Размери/Мащаб |
30 см |
| 380 ## - Жанр |
| Жанр |
Изкуство |
| 500 ## - Общи забележки |
| Забележка |
Офс. изд. - Парал. текст и на англ. ез. - Кратки творчески биографии. - Именен показалец. |
| 650 #4 - Допълнително описание по предмет – тема |
| Основно описание – тема или топоним |
Приложно и декоративно изкуство - България |
| 9 (RLIN) |
247366 |
| 650 #4 - Допълнително описание по предмет – тема |
| Основно описание – тема или топоним |
Художествена обработка на текстил - албуми |
| 9 (RLIN) |
310305 |
| 650 #4 - Допълнително описание по предмет – тема |
| Основно описание – тема или топоним |
Художници, български - албуми |
| 9 (RLIN) |
290224 |
| 653 ## - Ключова дума – ненормативна |
| Ключова дума |
текстил |
| 653 ## - Ключова дума – ненормативна |
| Ключова дума |
изкуство |
| 653 ## - Ключова дума – ненормативна |
| Ключова дума |
България |
| 653 ## - Ключова дума – ненормативна |
| Ключова дума |
приложни изкуства |
| 653 ## - Ключова дума – ненормативна |
| Ключова дума |
декоративно изкуство |
| 653 ## - Ключова дума – ненормативна |
| Ключова дума |
художествени тъкани |
| 653 ## - Ключова дума – ненормативна |
| Ключова дума |
килими |
| 653 ## - Ключова дума – ненормативна |
| Ключова дума |
гоблени |
| 700 1# - Други автори (авторска отговорност) |
| Лично име |
Недялкова-Каприева, Дима |
| Автороска отговорност (Описва отношението между автора и произведението) |
състав. |
| 9 (RLIN) |
351850 |
| 700 1# - Други автори (авторска отговорност) |
| Лично име |
Радичкова-Дочева, Лилия |
| Автороска отговорност (Описва отношението между автора и произведението) |
състав. |
| 9 (RLIN) |
114181 |
| 700 1# - Други автори (авторска отговорност) |
| Лично име |
Явашева-Иванова, Цвета |
| Автороска отговорност (Описва отношението между автора и произведението) |
състав. |
| 9 (RLIN) |
145112 |
| 852 ## - Местоположение |
| Форматна сигнатура |
Цб ІІ 27105 |
| 856 4# - Електронен адрес и достъп |
| Електронен формат |
pdf - файл |
| Път до файла /url/ |
|
| 856 4# - Електронен адрес и достъп |
| Електронен формат |
pdf - файл |
| Път до файла /url/ |
|
| 999 ## - СИСТЕМНИ КОНТРОЛНИ НОМЕРА |
| Koha biblionumber |
209278 |
| Koha biblioitemnumber |
209278 |
| 942 ## - АРТИКУЛИ |
| Вид на библиотечния материал |
Графични издания |
| Скрит в OPAC |
Не |
| Периодичен библиозапис |
Да |
| Koha issues (borrowed), all copies |
6 |
| 944 ## - СЪЗДАВАНЕ И РЕДАКЦИЯ на ЗАПИСА |
| Създаване/Редакция |
Създаване |
| Дата на регистрацията/редакция |
01.01.2002 |
| Служител, извършил регистрацията/редакцията |
Цветанка_Енчева |
| 944 ## - СЪЗДАВАНЕ И РЕДАКЦИЯ на ЗАПИСА |
| Създаване/Редакция |
Редакция |
| Дата на регистрацията/редакция |
27.09.2004 |
| 999 ## - СИСТЕМНИ КОНТРОЛНИ НОМЕРА |
| Koha biblioitemnumber |
209278 |